[Event "12th Goodricke Open"]
[Site "Calcutta IND"]
[Date "2001.02.16"]
[Round "11"]
[White "Prakash,G"]
[Black "Villamayor,B"]
[Result "1/2-1/2"]
[WhiteElo "2453"]
[BlackElo "2560"]

1.d4 d5 2.c4 c6 3.Nc3 Nf6 4.e3 e6 5.Nf3 Nbd7 6.Qc2 Bd6 7.Bd3 O-O 8.O-O dxc4
9.Bxc4 b5 10.Be2 Bb7 11.Rd1 Qc7 12.b3 e5 13.h3 Rfe8 14.Bb2 a6 15.Rac1 Rac8
16.dxe5 Nxe5 17.Nxe5 Bxe5 18.Bf3 c5 19.Nd5 Nxd5 20.Bxd5 Bxb2 21.Qxb2 Red8
22.Bxb7 Rxd1+ 23.Rxd1 Qxb7 24.Qd2 g6 25.Rc1 Qc6 26.Rc3 Qe6 27.a4 c4 28.axb5 axb5
29.Qc1 b4 30.Rxc4 Rxc4 31.bxc4 b3 32.Qc3 Qb6 33.c5 Qb8 34.Qb2 h5 35.c6 Qb6
36.c7 Qxc7 37.Qxb3 Qc1+ 38.Kh2 Qc7+ 39.Kg1 Qc1+ 40.Kh2 Qc7+ 41.f4 Qd6 42.Qc4 Qd2
43.Qe4 Qf2 44.Qe8+ Kg7 45.Qe5+ Kg8 46.f5 h4 47.fxg6 fxg6 48.Qf4 Qe1 49.e4 Kg7
50.e5 Kg8 51.Qg5 Kg7 52.Qf6+ Kh7 53.Qf4 Kg7 54.e6 Qxe6 55.Qxh4 Qe5+ 56.Qg3 Qd4
57.h4 Kh7 58.Qc7+ Kh6 59.Kh3 Qe3+ 60.Qg3 Qc1 61.Kh2 Kh7 62.Qe5 Qd2 63.Kg3 Qb4
64.Qc7+ Kg8 65.Qd8+ Kh7 66.Qd7+ Kg8 67.Qe6+ Kg7  1/2-1/2

[Event "ch-ROM"]
[Site "Baile Tusnad ROM"]
[Date "2001.02.17"]
[Round "12"]
[White "Foisor,O"]
[Black "Spulber,C"]
[Result "1/2-1/2"]
[WhiteElo "2409"]
[BlackElo "2380"]

1.d4 d5 2.c4 c6 3.e3 e6 4.Nc3 Nf6 5.Nf3 Nbd7 6.Qc2 Bd6 7.Bd3 O-O 8.O-O h6
9.b3 Qe7 10.Bb2 Ba3 11.Rad1 Bxb2 12.Qxb2 e5 13.Nd2  1/2-1/2

[Event "ch-Pol u20"]
[Site "Brzeg Dolny POL"]
[Date "2001.02.17"]
[Round "11"]
[White "Radziewicz,I"]
[Black "Tomczak,Raf"]
[Result "0-1"]
[WhiteElo "2350"]
[BlackElo "2314"]

1.d4 d5 2.c4 e6 3.Nf3 c6 4.e3 Nf6 5.Nc3 Nbd7 6.Bd3 Be7 7.e4 dxe4 8.Nxe4 Nxe4
9.Bxe4 Nf6 10.Bc2 c5 11.O-O O-O 12.Bg5 cxd4 13.Qd3 g6 14.Rad1 Nh5 15.Bxe7 Qxe7
16.Qxd4 b6 17.Be4 Bb7 18.Bxb7 Qxb7 19.Ne5 Qc7 20.Nd7 Rfd8 21.f4 Rac8 22.b3 Ng7
23.g4 Kh8 24.Rf3 f6 25.Rfd3 e5 26.fxe5 fxe5 27.Qe4 Re8 28.Nf6 Rf8 29.g5 Ne6
30.h4 Nc5 31.Qg4 Nxd3 32.Rxd3 Rcd8 33.Rd5 Rxd5 34.cxd5 Qc1+ 35.Kg2 Rc8 36.Ne4 Rc2+
37.Nf2 Qe3 38.Qf3 Qxf3+ 39.Kxf3 Rd2 40.a3 Kg7 41.b4 Kf7 42.Ke3 Rxd5  0-1

[Event "ch-Pol u20"]
[Site "Brzeg Dolny POL"]
[Date "2001.02.17"]
[Round "11"]
[White "Dziuba,M"]
[Black "Owczarzak,J"]
[Result "1-0"]
[WhiteElo "2421"]
[BlackElo "2311"]

1.d4 Nf6 2.c4 e6 3.Nc3 d5 4.Nf3 c6 5.e3 Be7 6.Qc2 Nbd7 7.g4 h6 8.Rg1 a6 9.h4 dxc4
10.g5 Nd5 11.g6 f6 12.Bxc4 b5 13.Be2 N7b6 14.e4 Nxc3 15.Qxc3 c5 16.Be3 Na4
17.Qc2 cxd4 18.Nxd4 Bd7 19.Bg4 Rc8 20.Qd2 Nc5 21.f3 f5 22.exf5 Bxh4+ 23.Kf1 Qf6
24.fxe6 Nxe6 25.Nf5 h5 26.Bh3 Rd8 27.Qb4 Nc7 28.Qe4+ Be6 29.Nxh4 O-O 30.Bxe6+ Nxe6
31.Rg2 Rfe8 32.Re1 Nc7 33.Qb4 Re6 34.Bg5 Rxe1+ 35.Qxe1 Qd4 36.Rd2 Qc4+ 37.Kg2 Nd5
38.Qe6+  1-0

[Event "Masters"]
[Site "Bunratty IRL"]
[Date "2001.02.18"]
[Round "5"]
[White "Orr,M"]
[Black "O'Siochru,M"]
[Result "1-0"]
[WhiteElo "2315"]
[BlackElo "2050"]

1.d4 d5 2.c4 c6 3.Nf3 Nf6 4.e3 e6 5.Nc3 Bd6 6.Bd3 Nbd7 7.O-O O-O 8.e4 dxe4
9.Nxe4 Nxe4 10.Bxe4 Nf6 11.Bc2 Re8 12.Bg5 Bf8 13.Qd3 g6 14.Ne5 Bg7 15.Rad1 Qe7
16.Rfe1 h6 17.Bh4 g5 18.Bg3 Rd8 19.Qf3 Bd7 20.h4 Qb4 21.hxg5 hxg5 22.b3 Rac8
23.Qe3 c5 24.dxc5 Qxc5 25.Qxc5 Rxc5 26.Re2  1-0

[Event "Bundesliga 2000-1"]
[Site "Mainz GER"]
[Date "2001.02.18"]
[Round "9"]
[White "Zierke,O"]
[Black "Balzar,A"]
[Result "0-1"]
[WhiteElo "2297"]
[BlackElo "2346"]

1.d4 d5 2.c4 c6 3.Nf3 Nf6 4.Nc3 e6 5.e3 Nbd7 6.Qc2 Bd6 7.b3 O-O 8.Be2 dxc4
9.bxc4 e5 10.O-O Re8 11.Rd1 Qe7 12.Rb1 Rb8 13.a4 e4 14.Nd2 Nf8 15.c5 Bc7
16.Nc4 h5 17.h3 N8h7 18.Ba3 h4 19.Nd6 Bxd6 20.cxd6 Qe6 21.Qb3 Qf5 22.d5 Bd7
23.dxc6 bxc6 24.Qxb8 Rxb8 25.Rxb8+ Nf8 26.Ra8 Qa5 27.Rc1 g5 28.Rb8 Qe5 29.Nd1 Nh7
30.Rc5 Qa1 31.Bb2 Qb1 32.Kh2 Qa2 33.Bc4 Qxa4 34.Bb3 Qa6 35.Bc4 Qa4 36.Nc3 Qc2
37.Bd5 Qxf2 38.Bxc6 Qg3+ 39.Kg1 Qe1+ 40.Kh2 Qg3+ 41.Kg1 Qxe3+ 42.Kh1 Qxc5
43.Bxd7 Qxd6  0-1

[Event "ENG-GER match women"]
[Site "Battle Abbey ENG"]
[Date "2001.02.22"]
[Round "8"]
[White "Flear,C"]
[Black "Schlander,S"]
[Result "1-0"]
[WhiteElo "2184"]
[BlackElo "2074"]

1.d4 d5 2.c4 c6 3.Nc3 Nf6 4.e3 e6 5.Nf3 Nbd7 6.Bd3 dxc4 7.Bxc4 b5 8.Bd3 b4
9.Ne4 Bb7 10.O-O Be7 11.Qe2 O-O 12.Rd1 Qa5 13.Nxf6+ Nxf6 14.e4 Qh5 15.e5 Nd5
16.h3 h6 17.Qe4 f5 18.exf6 Nxf6 19.Qxe6+ Rf7 20.Bc4 Nd5 21.Re1 Bf6 22.Bd2 a5
23.Bd3 Ne7 24.Qe4 Kf8 25.Bc4 Nd5 26.g4 Qxh3 27.Bf1 Qxf3 28.Qxf3 Bxd4 29.Qg3 Kg8
30.Be3 Bxb2 31.Rab1 Bc3 32.Bc5 Bxe1 33.Rxe1 a4 34.Bc4 Kh8 35.Bxb4 Rf4 36.Bxd5 Rxb4
37.Bf7 c5 38.Bg6 Rf8 39.g5 Bc8 40.f3 Rb6 41.gxh6 gxh6 42.Re7  1-0

[Event "5th United Insurance"]
[Site "Dhaka BAN"]
[Date "2001.02.23"]
[Round "5"]
[White "Prakash,G"]
[Black "Abdulla,Al"]
[Result "1/2-1/2"]
[WhiteElo "2453"]
[BlackElo "2359"]

1.d4 d5 2.c4 c6 3.Nc3 Nf6 4.e3 e6 5.Nf3 Nbd7 6.Qc2 Bd6 7.Bd3 O-O 8.O-O e5
9.cxd5 cxd5 10.e4 exd4 11.Nxd5 Nxd5 12.exd5 h6 13.Nxd4 Qh4 14.Nf3 Qh5 15.Bh7+ Kh8
16.Qf5 g5 17.b3 Kg7 18.Bb2+ f6 19.Qe6 Bf4 20.Qe4 Nc5 21.Qe7+ Rf7 22.Qxc5 Bg4
23.Qc2 Bxf3 24.h3 g4 25.gxf3 gxh3 26.Qf5 Qxf3 27.Qg6+ Kh8 28.Bxf6+ Rxf6 29.Qxf6+ Kxh7
30.Qf7+ Kh8 31.Qf6+  1/2-1/2

[Event "Dutch Open Blitzchess"]
[Site "Dordrecht NED"]
[Date "2001.02.24"]
[Round "14"]
[White "Lautier,J"]
[Black "Gurevich,M"]
[Result "1-0"]
[WhiteElo "2658"]
[BlackElo "2694"]

1.d4 d5 2.c4 c6 3.Nc3 Nf6 4.e3 e6 5.Nf3 Nbd7 6.Bd3 dxc4 7.Bxc4 b5 8.Bd3 b4
9.Ne4 Be7 10.Nxf6+ Nxf6 11.e4 Bb7 12.Qe2 O-O 13.e5 Nd7 14.Qe4 g6 15.h4 Re8
16.h5 Nf8 17.hxg6 fxg6 18.Bh6 Qd7 19.Qg4 c5 20.Bxf8 Bxf3 21.Qxf3 Bxf8 22.dxc5 Bxc5
23.O-O-O Qc7 24.Kb1 Rf8 25.Qh3 Qg7 26.Qxe6+ Qf7 27.Qxf7+ Kxf7 28.Rxh7+ Ke6
29.Bc4+ Kf5 30.e6 Bxf2 31.e7 Rfc8 32.Rf7+ Kg5 33.Be6 Rc6 34.Bd7  1-0

[Event "5th United Insurance"]
[Site "Dhaka BAN"]
[Date "2001.02.25"]
[Round "7"]
[White "Barsov,A"]
[Black "Abdulla,Al"]
[Result "1/2-1/2"]
[WhiteElo "2500"]
[BlackElo "2359"]

1.d4 d5 2.c4 c6 3.Nf3 Nf6 4.Nc3 e6 5.e3 Nbd7 6.Qc2 Bd6 7.g4 dxc4 8.g5 Nd5
9.Bxc4 b6 10.Bd2 Bb7 11.O-O-O Qc7 12.Kb1 O-O-O 13.Rc1 Nxc3+ 14.Bxc3 Kb8 15.Rhd1 b5
16.Be2 Qb6 17.b4 Qc7 18.h4 h6 19.Nd2 hxg5 20.hxg5 Rh2 21.Ne4 f5 22.gxf6 Nxf6
23.Nxd6 Qxd6 24.e4 Qc7 25.d5 exd5 26.Bd4 Qe7 27.Qb2 Ka8 28.Qa3 a6 29.Rxc6 Qxe4+
30.Ka1 Rh1 31.Rxa6+ Bxa6 32.Qxa6+ Kb8 33.Qb6+ Kc8 34.Qc6+ Kb8 35.Qxb5+ Kc8
36.Qc6+ Kb8 37.Ba7+ Kxa7 38.Qc7+ Ka8 39.Qxd8+ Kb7 40.Rxh1 Qxh1+ 41.Kb2 Qe4
42.Bd1 Qxb4+ 43.Bb3 Qc5  1/2-1/2

[Event "5th United Insurance"]
[Site "Dhaka BAN"]
[Date "2001.02.25"]
[Round "7"]
[White "Volzhin,A"]
[Black "Prakash,G"]
[Result "1/2-1/2"]
[WhiteElo "2539"]
[BlackElo "2453"]

1.d4 d5 2.c4 c6 3.Nc3 Nf6 4.e3 e6 5.Nf3 Nbd7 6.Bd3 dxc4 7.Bxc4 b5 8.Bd3 b4
9.Ne4 Be7 10.O-O Bb7 11.Nxf6+ Nxf6 12.a3 bxa3 13.bxa3 O-O 14.Rb1 Rb8 15.e4 Ba8
16.Rxb8 Qxb8 17.e5 Nd7 18.Ng5 Bxg5 19.Bxg5 c5 20.Qh5 g6 21.Qh6 Qb7 22.f3 Qd5
23.Kh1 Qxd4 24.Bb5 f5 25.Be3 Qd5 26.Bxd7 Qxd7 27.Bxc5 Rc8 28.Bd6 Qg7 29.Qe3 h6
30.Rc1 Rxc1+ 31.Qxc1 Kh7 32.h3 Bd5 33.Kh2  1/2-1/2

[Event "IV Open"]
[Site "Malaga ESP"]
[Date "2001.02.26"]
[Round "4"]
[White "Prakken,G"]
[Black "Rubio Doblas,R"]
[Result "1-0"]
[WhiteElo "2322"]
[BlackElo "2114"]

1.d4 d5 2.c4 c6 3.e3 Nf6 4.Nc3 e6 5.Nf3 Be7 6.Bd3 O-O 7.O-O Nbd7 8.b3 b6
9.Bb2 Bb7 10.Qe2 Re8 11.Rad1 Bd6 12.e4 e5 13.cxd5 cxd5 14.dxe5 Nxe5 15.Nxe5 Bxe5
16.Bb1 Qc8 17.Nb5 Ba6 18.Bxe5 Rxe5 19.Qb2 Qb8 20.f4 Rh5 21.e5 Bxb5 22.exf6 Bxf1
23.Rxf1 Qd6 24.Qe2 Rh6 25.fxg7 Rd8 26.h3 Qe6 27.Qd3 d4 28.Rf3 Qg6 29.f5 Qf6
30.Rf4 Rh4 31.g4 Qd6 32.Re4 h5 33.f6 hxg4 34.Rxg4 Qxf6 35.Kh2 Re8 36.Rg3 Qf2+
37.Rg2 Qf4+ 38.Rg3 Re3  1-0

[Event "It"]
[Site "Tel Aviv ISR"]
[Date "2001.02.27"]
[Round "7"]
[White "Greenfeld,A"]
[Black "Haimovich,T"]
[Result "1/2-1/2"]
[WhiteElo "2570"]
[BlackElo "2302"]

1.d4 Nf6 2.Nf3 d5 3.c4 c6 4.Nc3 e6 5.e3 Nbd7 6.Bd3 dxc4 7.Bxc4 b5 8.Bd3 Bb7
9.a3 a6 10.b4 a5 11.Rb1 axb4 12.axb4 Nd5 13.Nxd5 exd5 14.O-O Nf6 15.Ne5 Bd6
16.Qc2 Qc7 17.Bb2 O-O 18.Rfc1 Qb6 19.Bf5 Ra6 20.Nd3 Bc8 21.Nc5 Bxf5 22.Qxf5 Ra7
23.Rc2 Qc7 24.g3 Qc8 25.Qf3 Re8 26.Nd3 Nd7 27.Rbc1 Rc7 28.Ra1 Nb6 29.Bc3 Nc4
30.Rca2 Rce7 31.Nc5 h6 32.Be1 Qh3 33.Ra8 Rxa8 34.Rxa8+ Kh7 35.Bc3 Kg6 36.Nb3 Qe6
37.Ra6 Qc8 38.g4 Kh7 39.Qf5+ Qxf5 40.gxf5 Rc7 41.Na5 Nxa5 42.bxa5 Ba3 43.Ra8 b4
44.Bxb4 Bxb4 45.a6 g5 46.a7 Bf8 47.Rxf8 Rxa7 48.Rd8 Kg7 49.Rd6 Ra1+ 50.Kg2 Rc1
51.Kg3 Rc2 52.h3 h5 53.f4 gxf4+ 54.Kxf4 f6 55.Kf3 Rc1 56.h4 Kf7 57.Rd7+ Ke8
58.Rh7 Rf1+ 59.Ke2 Rxf5 60.Rc7 Kd8 61.Rxc6 Kd7 62.Ra6 Ke7 63.Ra5 Ke6 64.Rb5 Ke7
65.Rb7+ Ke6 66.Rg7 Kd6 67.Rg2 Ke6 68.Rg3 Kf7 69.Rf3 Rxf3 70.Kxf3 f5 71.Kg3 Ke6  1/2-1/2

[Event "Open"]
[Site "Cappelle la Grande FRA"]
[Date "2001.03.01"]
[Round "7"]
[White "Kruppa,Y"]
[Black "Collas,D"]
[Result "1-0"]
[WhiteElo "2572"]
[BlackElo "2400"]

1.d4 d5 2.c4 c6 3.Nc3 Nf6 4.e3 e6 5.Nf3 Nbd7 6.Bd3 dxc4 7.Bxc4 b5 8.Bd3 Bb7
9.O-O a6 10.e4 c5 11.d5 c4 12.Bc2 Qc7 13.dxe6 fxe6 14.Nd4 Nc5 15.Be3 e5 16.Nf3 Be7
17.Ng5 h6 18.Bxc5 hxg5 19.Be3 g4 20.Qe2 O-O-O 21.a4 b4 22.Nd5 Nxd5 23.exd5 Bxd5
24.Qxg4+ Kb8 25.Rfd1 Bf6 26.Rd2 Bb7 27.Rxd8+ Rxd8 28.Be4 Rd4 29.Bxd4 exd4
30.Bxb7 Kxb7 31.Rc1 Qe5 32.Qd7+ Kb6 33.a5+ Kc5 34.Qc8+ Kd6 35.Qxc4 Qxa5 36.Qc6+ Ke5
37.Rc5+  1-0

[Event "5th United Insurance"]
[Site "Dhaka BAN"]
[Date "2001.03.01"]
[Round "10"]
[White "Barsov,A"]
[Black "Sandipan,C"]
[Result "1-0"]
[WhiteElo "2500"]
[BlackElo "2431"]

1.d4 d5 2.c4 e6 3.Nc3 c6 4.e3 Nf6 5.Nf3 Nbd7 6.Qc2 Bd6 7.g4 Bb4 8.Bd2 Qe7
9.Rg1 b6 10.cxd5 cxd5 11.Bd3 Bb7 12.g5 Bxc3 13.Qxc3 Ne4 14.Qc7 Nxd2 15.Kxd2 Bc8
16.Rac1 O-O 17.a3 Re8 18.Qf4 e5 19.Nxe5 Nxe5 20.Qxe5 Qxe5 21.dxe5 Rxe5 22.Rc7 a5
23.Kc3 Re8 24.Kd4 g6 25.Rgc1 Bf5 26.Bxf5 gxf5 27.f3 f4 28.exf4 Re2 29.R1c2 Rae8
30.h4 h5 31.f5 Re1 32.Kxd5 R8e5+ 33.Kc6 Rxf5 34.Kxb6 Rb1 35.R7c5 Rf4 36.R5c4 Rxb2+
37.Kxa5 Rf5+ 38.Rc5 Rxc5+ 39.Rxc5 Rb3 40.a4 Rxf3 41.Kb6 Rf4 42.a5 Rxh4 43.a6 Re4
44.Rc8+ Kg7 45.a7 Ra4 46.a8=Q Rxa8 47.Rxa8 Kg6 48.Rg8+ Kh7 49.Rc8 Kg6 50.Kc5 Kxg5
51.Kd4 Kf4 52.Rh8  1-0

[Event "IV Open"]
[Site "Malaga ESP"]
[Date "2001.03.01"]
[Round "7"]
[White "Cifuentes Parada,R"]
[Black "Vera,R"]
[Result "0-1"]
[WhiteElo "2496"]
[BlackElo "2562"]

1.d4 Nf6 2.c4 e6 3.Nf3 d5 4.Nc3 c6 5.e3 Nbd7 6.Qc2 Bd6 7.Bd3 O-O 8.O-O dxc4
9.Bxc4 b5 10.Bd3 Bb7 11.a3 Qe7 12.Bd2 Rfc8 13.h3 a6 14.b4 a5 15.e4 e5 16.Rab1 axb4
17.axb4 g6 18.dxe5 Nxe5 19.Nxe5 Bxe5 20.Ne2 c5 21.bxc5 Nxe4 22.Bb4 Nxc5 23.Bxb5 Bxg2
24.Kxg2 Qb7+ 25.f3 Qxb5 26.Rfc1 Bd6 27.Bxc5 Qxc5 28.Qxc5 Rxc5 29.Rxc5 Bxc5
30.Rb2 Kg7 31.Ng3 Bd4 32.Rd2 Ra4 33.Rc2 h5 34.Ne4 Be5 35.Re2 Rb4 36.Nc5 Bd6
37.Ne4 Bb8 38.Rd2 Bf4 39.Ra2 Rc4 40.Rb2 Ra4 41.Rc2 Rb4 42.Ra2 Rc4 43.Rb2 h4
44.Nd2 Rd4 45.Ne4 f5 46.Nc5 Rd6 47.Rb7+ Kh6 48.Rb2 Be3 49.Na4 Rd1 50.Re2 Bd4
51.Nb2 Rg1+ 52.Kh2 Rg3  0-1

[Event "Tch-NED"]
[Site "NED"]
[Date "2001.03.04"]
[Round "6"]
[White "Van der Vliet,F"]
[Black "Okkes,M"]
[Result "1/2-1/2"]
[WhiteElo "2334"]
[BlackElo "2275"]

1.d4 d5 2.c4 c6 3.Nf3 Nf6 4.Nc3 e6 5.e3 Nbd7 6.Qc2 Bd6 7.b3 O-O 8.Be2 e5
9.cxd5 cxd5 10.dxe5 Nxe5 11.Bb2 Nxf3+ 12.Bxf3 d4 13.exd4 Re8+ 14.Kf1 Qa5
15.h3 Bf5 16.Qd2 Rac8 17.g4 Bb4 18.gxf5 Rxc3 19.Qd1 Qa6+ 20.Kg2 Rcc8 21.Qf1 Qd6
22.Rc1 Nd5 23.Rxc8 Nf4+ 24.Kg1 Rxc8 25.Bc1 Qxd4 26.Be3 Qe5 27.Qd1 Bd6 28.Bxb7 Rc3
29.Bxf4 Qxf4 30.Qg4 Qe5 31.Kg2 Rc2 32.a4 h5 33.Qf3 a5 34.Rd1 Rc3 35.Rd3 Qh2+
36.Kf1 Rc1+ 37.Rd1 Rxd1+ 38.Qxd1 Qxh3+ 39.Bg2 Qh2 40.Qd5 Bb4 41.Qd7 Qe5  1/2-1/2

[Event "FSIMA March"]
[Site "Budapest HUN"]
[Date "2001.03.06"]
[Round "3"]
[White "Jamrich,G"]
[Black "Farago,S"]
[Result "1/2-1/2"]
[WhiteElo "2283"]
[BlackElo "2285"]

1.Nf3 c6 2.d4 d5 3.e3 Nf6 4.c4 e6 5.Nc3 Bb4 6.Qb3 Qa5 7.a3 Bxc3+ 8.Qxc3 Qxc3+
9.bxc3 Ne4 10.Bb2 O-O 11.Nd2 f5 12.f3 Nxd2 13.Kxd2 Nd7 14.a4 a5 15.Bd3 e5
16.cxd5 cxd5 17.c4 e4 18.Be2 Nf6 19.cxd5 Nxd5 20.Bc4 Be6 21.Bxd5 Bxd5 22.f4 Rfc8
23.Rhc1 Kf7 24.Ba3 Ke6 25.Bc5  1/2-1/2

[Event "1st Masters"]
[Site "Pinamar ARG"]
[Date "2001.03.10"]
[Round "3"]
[White "Szmetan,J"]
[Black "Ricardi,P"]
[Result "1/2-1/2"]
[WhiteElo "2394"]
[BlackElo "2554"]

1.Nf3 Nf6 2.c4 e6 3.d4 d5 4.Nc3 c6 5.e3 Nbd7 6.Bd3 Bd6 7.O-O O-O 8.e4 dxc4
9.Bxc4 e5 10.Re1 exd4 11.Qxd4 Bc5 12.Qd1 Ng4 13.Re2 Nde5 14.Qxd8 Rxd8 15.Bb3 Nxf2
16.Na4 Nfd3+ 17.Nxc5 Nxf3+ 18.gxf3 Nxc5 19.Be3 Nxb3 20.axb3 Be6 21.b4 Rd3
22.Kf2 Rb3 23.Rxa7 Rxa7 24.Bxa7 Rxb4 25.Rd2 h6 26.Bc5 Rb3 27.Bd4 Kh7 28.h4 b6
29.Bc3 c5 30.Rd6 b5 31.Rd2 b4 32.Be5 f6 33.Bf4 c4 34.Rc2 g5 35.hxg5 hxg5
36.Bc1 Kg6 37.Re2 c3 38.Rc2 f5 39.bxc3 fxe4 40.fxe4 bxc3 41.Ke3 Bd7 42.Kd4 Rb4+
43.Kd5 Bc8 44.Rxc3 Bb7+ 45.Kd6 Rd4+ 46.Kc5 Rxe4 47.Re3 Rh4 48.Re5 g4 49.Bf4 Bc8
50.Kd4 Bf5 51.Re3 Rh1 52.Ke5 Rb1 53.Bg3 Rb5+ 54.Kd4 Kg5 55.Ra3 Rb1 56.Rc3 Rg1
57.Re3 Rb1 58.Rc3 Rb2 59.Re3 Rb7 60.Ra3 Re7 61.Re3 Rd7+ 62.Kc3 Rd1 63.Kc4 Rd7
64.Kc3 Bg6 65.Re5+ Kf6 66.Re3 Bb1 67.Kb2 Bd3 68.Kc3 Bf1 69.Bh4+ Kf5 70.Bg3 Rd5
71.Kc2 Bg2 72.Kc3 Be4 73.Kc4 Rd1 74.Ra3 Bd5+ 75.Kc5 Ke4 76.Bb8 Rc1+ 77.Kd6 Bc4
78.Ke7 Rb1 79.Bd6 Rb7+ 80.Kf6 Rb6 81.Ke7 Bb3 82.Ra1 Rb5 83.Rg1 Kf5 84.Rf1+ Kg5
85.Bf4+ Kg6 86.Bg3 Rb7+ 87.Kd6 Bc2 88.Ke5 Re7+ 89.Kd4 Re4+ 90.Kd5 Re3 91.Bf4 Rb3
92.Ke5 Rb4 93.Bg3 Re4+ 94.Kd5 Re3 95.Rg1 Kg5 96.Kd4 Rf3 97.Ke5 Bd3 98.Kd4 Kf5  1/2-1/2

[Event "Ivan Zanic Mem"]
[Site "Stara Pazova YUG"]
[Date "2001.03.10"]
[Round "2"]
[White "Lajthajm,B"]
[Black "Sedlak,N"]
[Result "1/2-1/2"]
[WhiteElo "2425"]
[BlackElo "2460"]

1.d4 d5 2.c4 c6 3.Nc3 Nf6 4.Nf3 e6 5.e3 Nbd7 6.Qc2 Bd6 7.Be2 O-O 8.O-O dxc4
9.Bxc4 b5 10.Be2 Bb7 11.Rd1 Qb8 12.e4 e5 13.g3 exd4 14.Nxd4 Re8 15.a3 a6
16.Nf5 Bf8 17.Bf4 Ne5 18.Bg5 Ned7 19.Bf3 c5 20.Ne3 h6 21.Bf4 Ne5 22.Bg2 c4
23.Ned5 Nfd7 24.Bh3 Nc5 25.Bg2 Nb3 26.Rab1 Bc5 27.Be3 Bxe3 28.Nxe3 Qa7 29.Nf5 Bc6
30.Nd5 Bxd5 31.Rxd5 Nc5 32.h3 Ncd3 33.Rf1 Rad8 34.Rxd8 Rxd8 35.Kh2 Nc6 36.Qc3 Nd4
37.Ne3 Ne6 38.Nd1 Qd4 39.Qd2 Nec5 40.Nc3 Nb3 41.Qc2 Qc5 42.f4 Qe3 43.Rd1 Nd4
44.Qd2 Qxd2 45.Rxd2 a5 46.Nd5 Nb3 47.Re2 Nd4  1/2-1/2

[Event "Belgian Interteams 2000-1"]
[Site "BEL"]
[Date "2001.03.11"]
[Round "10"]
[White "Vanderstricht,G"]
[Black "Motwani,P"]
[Result "0-1"]
[WhiteElo "2427"]
[BlackElo "2505"]

1.d4 Nf6 2.c4 c6 3.Nf3 d5 4.e3 e6 5.Nc3 Nbd7 6.Bd3 dxc4 7.Bxc4 b5 8.Bd3 Bd6
9.O-O O-O 10.Bd2 Bb7 11.Rc1 Rc8 12.h3 b4 13.Ne4 Nxe4 14.Bxe4 Nf6 15.Bb1 c5
16.dxc5 Bxc5 17.Rxc5 Rxc5 18.Bxb4 Qxd1 19.Rxd1 Bxf3 20.gxf3 Rg5+ 21.Kf1 Rb8
22.e4 Rh5 23.Kg2 Nd5 24.exd5 Rxb4 25.dxe6 fxe6 26.Rd8+ Kf7 27.Rd7+ Kf6 28.Rxa7 Rxb2
29.Be4 Rbb5 30.Rd7 Rbg5+ 31.Kh2 Ra5 32.Rd2 Ra3 33.Rb2 h6 34.Kg3 Rg5+  0-1

[Event "TCh-FIN 00-01"]
[Site "FIN"]
[Date "2001.03.11"]
[Round "9"]
[White "Topi Hulmi,T"]
[Black "Niemela,A"]
[Result "1/2-1/2"]
[WhiteElo "2106"]
[BlackElo "2246"]

1.d4 d5 2.c4 e6 3.Nc3 c6 4.e3 Nf6 5.Nf3 Nbd7 6.Bd3 dxc4 7.Bxc4 b5 8.Bd3 Bb7
9.O-O a6 10.b3 c5 11.Bb2 Be7 12.Rc1 O-O 13.Qe2 cxd4 14.Nxd4 Nc5 15.Bb1 b4
16.Na4 Nxa4 17.bxa4 Qd5 18.f3 Rac8 19.Nb3 Qd7 20.a5 Rfd8 21.Rfd1 Rxc1 22.Rxc1 Nd5
23.Qc2 g6 24.Rd1 Rc8 25.Qd2 Qc7 26.Rc1 Nc3 27.a3 Bd5 28.Nd4 Qxa5 29.axb4 Bxb4
30.Qc2 Rc5 31.Qf2 Nxb1 32.Rxb1 Qa2 33.Rd1 Bc3 34.Bxc3 Qxf2+ 35.Kxf2 Rxc3
36.Ra1 Bc4 37.e4 e5 38.Nc6 f6 39.Kg3 Bb5 40.Ne7+ Kf7 41.Nd5 Rc6 42.h4 Ke6
43.h5 Bc4 44.hxg6 hxg6 45.Ra5 f5 46.Kf2 Rd6 47.exf5+ gxf5 48.Nc7+ Kd7 49.Nxa6 Bxa6
50.Rxe5 Rf6 51.Kg3 Kd6 52.Ra5 Bc8 53.Kf4 Ke7 54.Kg5 Rf7 55.Ra7+ Bd7 56.g4 fxg4
57.fxg4 Rg7+ 58.Kh5 Kf6 59.Ra6+ Be6 60.Kh6 Rxg4 61.Ra5 Rh4+ 62.Rh5 Ra4 63.Rb5 Ra8
64.Rb7 Rh8+ 65.Rh7 Rg8 66.Ra7 Rg3 67.Ra5 Bc4 68.Kh5 Bf7+ 69.Kh4 Rb3  1/2-1/2

[Event "Ivan Zanic Mem"]
[Site "Stara Pazova YUG"]
[Date "2001.03.12"]
[Round "4"]
[White "Lajthajm,B"]
[Black "Zivanic,M"]
[Result "1-0"]
[WhiteElo "2425"]
[BlackElo "2418"]

1.d4 Nf6 2.c4 e6 3.Nf3 d5 4.Nc3 c6 5.e3 Nbd7 6.Qc2 Bd6 7.Be2 O-O 8.O-O dxc4
9.Bxc4 a6 10.Rd1 c5 11.a4 cxd4 12.Rxd4 Qc7 13.b3 Ne5 14.Bb2 b6 15.Nxe5 Bxe5
16.Rh4 Bb7 17.f4 Bxc3 18.Qxc3 Be4 19.Rg4 Bg6 20.Rg5 Kh8 21.Qe1 Ne4 22.Re5 f6
23.Rxe6 Nc5 24.Be5 Qb7 25.Rd6 Qe7 26.Qh4 Rae8 27.b4 Ne4 28.Rxb6 fxe5 29.Qxe7 Rxe7
30.fxe5 Rxe5 31.Bxa6 Nc3 32.Bb7 Be4 33.a5 Nd5 34.Bxd5 Rxd5 35.Rf1 Rfd8 36.h3 h6
37.Rf4 Bd3 38.Rf7 Be4 39.Rc7 Rd1+ 40.Kh2 Bd5 41.Rg6 Rb1 42.Rgxg7 Rxb4 43.a6 Ra4
44.Rh7+ Kg8 45.a7 Ra2 46.Rcg7+ Kf8 47.Rg4 Re8 48.Rxh6 Rxa7 49.Rh8+ Ke7 50.Rh7+ Bf7
51.Re4+ Kf8 52.Rh8+  1-0

[Event "Open"]
[Site "Kazimierz Dolny POL"]
[Date "2001.03.14"]
[Round "5"]
[White "Pyda,Z"]
[Black "Borovikov,V"]
[Result "0-1"]
[WhiteElo "2354"]
[BlackElo "2544"]

1.d4 d5 2.c4 c6 3.Nc3 Nf6 4.Nf3 e6 5.e3 Nbd7 6.Bd3 dxc4 7.Bxc4 b5 8.Bd3 Bb7
9.e4 b4 10.e5 bxc3 11.exf6 cxb2 12.Bxb2 Nxf6 13.O-O Bd6 14.Rb1 Qc7 15.Qa4 O-O
16.Rfc1 Nd5 17.Ba3 Bxa3 18.Qxa3 Rfd8 19.Rb2 a5 20.Rc5 h6 21.g3 Nf6 22.Qb3 Nd7
23.Rc1 Rab8 24.Qc2 c5 25.Be2 Be4 26.Qc3 Rxb2 27.Qxb2 Qa7 28.Nd2 Ba8 29.dxc5 Nxc5
30.Nf3 Ne4 31.Bf1 Rd2 32.Rc8+ Kh7  0-1

[Event "Open"]
[Site "Bad Woerishofen GER"]
[Date "2001.03.15"]
[Round "1"]
[White "Epishin,V"]
[Black "Glas,S"]
[Result "1-0"]
[WhiteElo "2578"]
[BlackElo "2119"]

1.d4 d5 2.c4 c6 3.Nc3 Nf6 4.Nf3 e6 5.e3 Bd6 6.Bd3 Nbd7 7.O-O O-O 8.e4 dxe4
9.Nxe4 Nxe4 10.Bxe4 e5 11.Bc2 Re8 12.Re1 exd4 13.Bg5 f6 14.Qxd4 Ne5 15.Nxe5 Bxe5
16.Qxd8 Rxd8 17.Rxe5 fxg5 18.Rae1 Bd7 19.Rxg5 Re8 20.Kf1 Rad8 21.Ra5 a6 22.Rae5 Rxe5
23.Rxe5 Re8 24.Rxe8+ Bxe8 25.Ke2 c5 26.Ke3 h6 27.Kf4 Kf7 28.Ke5 Ke7 29.h4 Bf7
30.b3 b6 31.g4 a5 32.a4 Be6 33.Bf5 Bf7 34.f4 Bg8 35.Be4 Be6 36.f5 Bc8 37.Bc6 Ba6
38.g5 hxg5 39.hxg5 Bc8 40.Bd5 Bd7 41.f6+ gxf6+ 42.gxf6+ Kf8 43.Kd6  1-0

[Event "17th Spring Festival"]
[Site "Budapest HUN"]
[Date "2001.03.16"]
[Round "1"]
[White "Sinkovics,P"]
[Black "Koczo,K"]
[Result "1-0"]
[WhiteElo "2317"]
[BlackElo "2077"]

1.d4 d5 2.c4 c6 3.e3 Nf6 4.Nc3 e6 5.Nf3 Nbd7 6.Bd3 dxc4 7.Bxc4 b5 8.Bd3 Bb7
9.e4 b4 10.Na4 c5 11.e5 Nd5 12.Nxc5 Bxc5 13.dxc5 Nxc5 14.Bb5+ Ke7 15.O-O Qb6
16.Qe2 a6 17.Bc4 Rhc8 18.Bg5+ Kf8 19.Rad1 Rc7 20.Rd4 h6 21.Bd2 Ne7 22.Rd6 Rc6
23.Rxc6 Qxc6 24.Bxb4 Ne4 25.Rd1 a5 26.Bb5 Qb6 27.Bxe7+ Kxe7 28.Rd7+ Kf8 29.Nd4 Rc8
30.Qe3 Kg8 31.h4 Bd5 32.a4 Qc5 33.Kh2 Qb4 34.Qf4 Rf8 35.Nc6 Qxb2 36.Ne7+ Kh7
37.Bd3 Qd4 38.Nxd5 exd5 39.Rxd5  1-0

[Event "4NCL"]
[Site "Birmingham ENG"]
[Date "2001.03.17"]
[Round "7"]
[White "Arkell,K"]
[Black "Flear,G"]
[Result "1/2-1/2"]
[WhiteElo "2442"]
[BlackElo "2476"]

1.c4 e6 2.d4 Nf6 3.Nf3 d5 4.Nc3 c6 5.e3 Nbd7 6.Bd3 dxc4 7.Bxc4 b5 8.Bd3 Bb7
9.O-O a6 10.a4 b4 11.Ne4 c5 12.Neg5 Bd6 13.Qc2 h6 14.Ne4 Nxe4 15.Bxe4 Bxe4
16.Qxe4 O-O 17.Bd2 Nf6 18.Qc2 Rc8 19.dxc5 Rxc5 20.Qb3 Ng4 21.Rfd1 a5 22.h3 Ne5
23.Nxe5 Rxe5 24.Be1 Qc7 25.Qd3 Rd5 26.Qe2 Rxd1 27.Rxd1 Be5 28.b3 Bf6 29.g3 Rc8
30.Bd2 Qe5 31.Rc1 Rd8 32.Be1 Qd5 33.Qc2 g6 34.e4 Qd3 35.Qxd3 Rxd3 36.Rb1 Bc3
37.Kf1 Bxe1 38.Kxe1 Kg7 39.Rc1 Rxb3 40.Rc5 Ra3 41.Rxa5 Ra2 42.Kf1 g5 43.e5 Kg6
44.g4 h5 45.Kg2 b3 46.Kg3 b2 47.gxh5+ Kxh5 48.Rb5 Kg6 49.h4 gxh4+ 50.Kxh4 Kf5
51.a5 Kf4 52.Rb4+ Kxe5 53.Kg3 Kd5 54.a6 Kc5 55.Rb8 Rxa6  1/2-1/2

[Event "Open"]
[Site "Bad Woerishofen GER"]
[Date "2001.03.18"]
[Round "4"]
[White "Aleksandrov,A"]
[Black "Khurtsidze,N"]
[Result "1-0"]
[WhiteElo "2610"]
[BlackElo "2459"]

1.d4 d5 2.c4 c6 3.Nc3 Nf6 4.e3 e6 5.Nf3 Nbd7 6.Bd3 dxc4 7.Bxc4 b5 8.Be2 b4
9.Na4 Bb7 10.O-O Be7 11.a3 a5 12.Qc2 O-O 13.Rd1 c5 14.Nxc5 Nxc5 15.dxc5 Qc7
16.axb4 axb4 17.Rxa8 Rxa8 18.Ne1 Qxc5 19.Qxc5 Bxc5 20.Nd3 Bf8 21.Bd2 b3 22.f3 Nd5
23.Nc1 Ba6 24.Bxa6 Rxa6 25.e4 Nb6 26.Nxb3 Nc4 27.Bc1 Rb6 28.Rd3 f5 29.exf5 exf5
30.Rc3 Rb4 31.Rc2 Bd6 32.Nd2 Na5 33.h3 Kf7 34.Kf2 Be5 35.Ke2 Ke6 36.Rc5 Nb3
37.Nxb3 Rxb3 38.Kd1 g5 39.Kc2 Rb4 40.Rc6+ Kf7 41.g4 fxg4 42.hxg4 Bf6 43.b3 h5
44.Bd2 Rb5 45.gxh5 Rf5 46.Bc3 Bxc3 47.Rxc3 Rf4 48.Kb2 Kg7 49.Rc6  1-0